000 00283nam a22000977a 4500
082 _aP-947
100 _aKrishnapriya T S
245 _aPerformance evaluation of thiruvalla primary cooperative agricultural and rural development bank ltd no A:159
260 _c2013
942 _2ddc
_cTH
999 _c177673
_d177673